Salary survey 2003: realism returns (Record no. 72204)
[ view plain ]
| 000 -LEADER | |
|---|---|
| fixed length control field | 01305cam a2200217 4500 |
| 001 - CONTROL NUMBER | |
| control field | ABS66432 |
| 008 - FIXED-LENGTH DATA ELEMENTS--GENERAL INFORMATION | |
| fixed length control field | 030304n2003 000 0 eng u |
| 035 ## - SYSTEM CONTROL NUMBER | |
| System control number | (Sirsi) u121494 |
| 245 ## - TITLE STATEMENT | |
| Title | Salary survey 2003: realism returns |
| 260 ## - PUBLICATION, DISTRIBUTION, ETC. | |
| Date of publication, distribution, etc. | 2003 |
| 490 ## - SERIES STATEMENT | |
| Series statement | Premises and Facilities Management |
| Volume/sequential designation | February 2003, 15-16(2) |
| 520 ## - SUMMARY, ETC. | |
| Summary, etc. | Examines the Hays Montrose survey of facilities management salaries 2003 which looks at the last 12 months. Notes that FM salaries are now becoming more realistic but the opportunities in the industry are still there. A consolidation of FM service providers has taken place with a re-branding of the major players. There has been a continuing trend to outsource facilities to service providers but much recruitment is still on hold following recent political and economic uncertainties. Mentions the benefit packages for the industry and notes that while the arrangements on offer are often rather basic, they are a major factor when applicants are assessing job offers. Tables of typical salaries for different FM levels by region. |
| 590 ## - LOCAL NOTE (RLIN) | |
| Local note | ABS |
| 650 ## - SUBJECT ADDED ENTRY--TOPICAL TERM | |
| Topical term or geographic name entry element | SALARY SURVEYS |
| 650 ## - SUBJECT ADDED ENTRY--TOPICAL TERM | |
| Topical term or geographic name entry element | HAYS MONTROSE |
| 650 ## - SUBJECT ADDED ENTRY--TOPICAL TERM | |
| Topical term or geographic name entry element | FM INDUSTRY |
| 650 ## - SUBJECT ADDED ENTRY--TOPICAL TERM | |
| Topical term or geographic name entry element | FINANCIAL SERVICES |
| 650 ## - SUBJECT ADDED ENTRY--TOPICAL TERM | |
| Topical term or geographic name entry element | WORKING CONDITIONS |
| 690 ## - LOCAL SUBJECT ADDED ENTRY--TOPICAL TERM (OCLC, RLIN) | |
| Topical term or geographic name as entry element | MANAGEMENT-FACILITIES MANAGEMENT |
| 942 ## - ADDED ENTRY ELEMENTS (KOHA) | |
| Suppress in OPAC | 0 |
| Withdrawn status | Lost status | Source of classification or shelving scheme | Damaged status | Not for loan | Home library | Current library | Shelving location | Date acquired | Total Checkouts | Full call number | Barcode | Date last seen | Copy number | Price effective from | Koha item type |
|---|---|---|---|---|---|---|---|---|---|---|---|---|---|---|---|
| Dewey Decimal Classification | London | London | Journal article | 04/03/2003 | ABS66432 | 121494-1001 | 06/08/2019 | 1 | 06/08/2019 | Journal article |